राष्ट्र की अवधारणा और हिंदूराष्ट्र / (Record no. 53142)

MARC details
000 -LEADER
fixed length control field 00681nam a2200181Ia 4500
005 - DATE AND TIME OF LATEST TRANSACTION
control field 20260429112243.0
008 - FIXED-LENGTH DATA ELEMENTS--GENERAL INFORMATION
fixed length control field 260429s9999||||xx |||||||||||||| ||und||
020 ## - INTERNATIONAL STANDARD BOOK NUMBER
International Standard Book Number 9789355030856
041 ## - LANGUAGE CODE
Language Hindi
082 ## - DEWEY DECIMAL CLASSIFICATION NUMBER
Classification number 954.04
Item number SAH
100 ## - MAIN ENTRY--PERSONAL NAME
Personal name सहनी, भवन लाल
245 #0 - TITLE STATEMENT
Title राष्ट्र की अवधारणा और हिंदूराष्ट्र /
Statement of responsibility, etc भवन लाल सहनी
250 ## - EDITION STATEMENT
Edition statement 1st ed.
260 ## - PUBLICATION, DISTRIBUTION, ETC. (IMPRINT)
Place of publication, distribution, etc नई दिल्ली :
Name of publisher, distributor, etc आयुष्मान प्रकाशन हाउस,
Date of publication, distribution, etc 2021.
300 ## - PHYSICAL DESCRIPTION
Extent 338 p.; Hb
650 ## - SUBJECT ADDED ENTRY--TOPICAL TERM
Topical term or geographic name as entry element हिंदू राष्ट्र पर आलोचना
942 ## - ADDED ENTRY ELEMENTS (KOHA)
Koha item type Text Books
Holdings
Withdrawn status Lost status Damaged status Not for loan Collection code Home library Location Shelving location Date of Cataloging Source of acquisition Total Checkouts Full call number Barcode Date last seen Price effective from Koha item type
        Non-fiction CUTN Central Library CUTN Central Library History & Geography 29/04/2026 Segment Book Distributors, New Delhi - Invoice No. 71458 on 09-02-2026   954. 04 SAH 58418 29/04/2026 29/04/2026 Text Books